000 00825nam a2200253 a 4500
001 BRL_791
005 20190320210911.0
008 071013s1981----mx-#######---#000-0#spa-#
041 _aspa
044 _amx
050 4 _aBF173
_b.F76 1981
100 1 _aFromm, Erich
_d1900-
_924962
245 1 0 _aLa misión de Sigmund Freud
_bsu personalidad e influencia
_cErich Fromm ; traducción de Florentino M. Torner.
260 _aMéxico
_bFondo de Cultura Económica
_c1981
300 _a116 p.
_c21 cm.
440 0 _aBiblioteca de psicología y psicoanálisis
_924963
500 _aAu940
500 _aTraducción de: Sigmund Freud´s mission: An analysis.
600 1 4 _aFreud, Sigmund
_d1856-1939
_924964
650 1 4 _aPsicoanálisis
_917119
700 1 _aTorner, Florentino M.
_etr.
_924965
902 _aGRL
942 _2lcc
_cB
999 _c9603
_d9603